000 00744nam a2200205Ia 4500
008 0000001983 sp a 0000000000spa00
090 _aPSP00 Q82m
100 1 _aQuejido, Manolo
_d1946
245 1 0 _aManolo Quejido
300 _a[32] p.
_c/ 22 cm.
500 _aExposición realizada en la Galería Montenegro, Madrid, Octubre Noviembre, 1983 \ Con el patronazgo del maestro venezolano Jesús Rafael Soto (q.e.p.d.)
600 0 0 _aQUEJIDO, MANOLO, 1946/
_xTRABAJOS PICTORICOS
650 1 4 _aARTE CONTEMPORANEO ESPAÑOL
650 1 4 _xCATALOGOS
650 1 4 _aDIBUJOS ESPAÑOLES
650 1 4 _xEXPOSICIONES
650 1 4 _aPINTORES ESPAÑOLES
650 1 4 _aPINTURA ESPAÑOLA
999 _c1720
_d1720
260 _aMadrid : Galería Montenegro
_c1983